000 00592nam a2200205 i 4500
001 181924
003 ES-MaACL
005 20240229063326.0
008 130507s2011 sp |||| | spa d
020 _a978-84-15415-01-5
080 _a821.134.2-31"19"
100 1 _aGalván Mostazo, María José,
_d1962-
_9152722
245 1 3 _aEl patio dormido /
_cMª José Galván.
260 _aMadrid :
_bEvohé,
_c2011.
300 _a367 p. ;
_c20 cm.
490 1 _aEvohé narrativa
830 0 _aEvohé narrativa
_9224774
852 _aES-MaACL
_jN-5611
999 _c181924
_d181924